Annales d'économie et de statistique

Na minha lista:
Detalhes bibliográficos
Formato: Periódico
Idioma:francês
Publicado em: Paris INSEE 1998
Assuntos:
Tags: Adicionar Tag
Sem tags, seja o primeiro a adicionar uma tag!

MARC

LEADER 00000nas2a2200000 4500
001 s122138
005 20231103122520.6
022 |a 0769-489X 
041 0 |a fre 
044 |a FR 
245 1 0 |a Annales d'économie et de statistique 
264 1 |a Paris  |b INSEE  |c 1998 
300 |a 1 zv. 
773 0 |w eu_un_cat*s120082 
610 2 0 |a ekonómia 
610 2 0 |a štatistika 
610 2 0 |a teória štatistiky